Proceedings Malaysian Timber Marketing Conference : Opportunities & challenges in market revival, 6-7 December 1983, Kuala Lumpur

Bibliographic Details
Corporate Authors: MALAYSIAN Timber Marketing Conference, Malaysian Timber Industry Board (MTIB)
Format: Book
Published: Kuala Lumpur : Lembaga Perindustrian Kayu Malaysia , 1983
Subjects:

MARC

LEADER 00000cam a2200000 7i4500
001 0000001497
005 20010717.0
090 0 0 |a 338.47674   |b MAL 1983 
110 1 0 |a MALAYSIAN Timber Marketing Conference   |k 1983   |j Kuala Lumpur 
245 1 0 |a Proceedings Malaysian Timber Marketing Conference :   |b Opportunities & challenges in market revival, 6-7 December 1983, Kuala Lumpur 
260 0 0 |a Kuala Lumpur :   |b Lembaga Perindustrian Kayu Malaysia ,   |c 1983 
300 |a 123 p. :   |b ill. ;   |c 30 cm. 
650 0 0 |a Forest products industry   |x Congresses 
650 0 0 |a Lumber trade   |x Congresses 
710 1 1 |a Malaysian Timber Industry Board (MTIB) 
998 |a JPSM 
999 |a 0000002504   |b Monograph   |c Open Shelf   |e Default branch